| 000 | 00455nam a2200169Ia 4500 | ||
|---|---|---|---|
| 008 | 100416t2008 xxu||||| |||| 00| 0 sin d | ||
| 041 | _asin | ||
| 080 |
_aX8S31 _bBUL |
||
| 100 | _aBulathsin, Ramani | ||
| 245 | _aතුසර බිංදු 1 | ||
| 246 | _aThusara Bindu 1 ( LIB /63 / 6 / 31 ) | ||
| 260 |
_bTharaka _abalangoda _c2008 |
||
| 300 | _a244p., 21 cm | ||
| 942 | _cBK | ||
| 999 |
_c73024 _d73024 |
||
| 003 | LK-CoDNM | ||
| 040 |
_aLK-CoDNM _dLK-CoDNM _eLK-CoDNM |
||